Plasticity of rubber-toughened poly(methyl methacrylate): Effect of rubber particle size (Record no. 65189)

MARC details
000 -LEADER
fixed length control field 00445nam a2200157Ia 4500
100 ## - MAIN ENTRY--AUTHOR NAME
Personal name Gloaguen J M
245 #0 - TITLE STATEMENT
Title Plasticity of rubber-toughened poly(methyl methacrylate): Effect of rubber particle size
260 ## - PUBLICATION, DISTRIBUTION, ETC. (IMPRINT)
Name of publisher Polymer
Year of publication 1992
300 ## - PHYSICAL DESCRIPTION
Number of Pages 4741-4746
650 ## - SUBJECT ADDED ENTRY--TOPICAL TERM
Topical Term particle size
650 ## - SUBJECT ADDED ENTRY--TOPICAL TERM
Topical Term Particle size
650 ## - SUBJECT ADDED ENTRY--TOPICAL TERM
Topical Term Plasticity
650 ## - SUBJECT ADDED ENTRY--TOPICAL TERM
Topical Term Rubber toughening
942 ## - ADDED ENTRY ELEMENTS (KOHA)
Koha item type Journals
Holdings
Withdrawn status Lost status Damaged status Not for loan Home library Current library Date acquired Serial Enumeration / chronology Koha item type
      Journals RRII Library RRII Library 17/12/2021 Volume 33, Issue 22 Journals